|
|
|
|
| LEADER |
01611nam a2200277 u 4500 |
| 001 |
10113727 |
| 003 |
upatras |
| 005 |
20210117205122.0 |
| 008 |
140827s2012 gr eng |
| 040 |
|
|
|a GR-PaULI
|c GR-PaULI
|
| 041 |
0 |
|
|a eng
|
| 082 |
1 |
4 |
|a 338.927
|2 23
|
| 100 |
1 |
|
|a Παπαχρήστος, Γιώργος
|4 aut
|9 140157
|
| 245 |
1 |
0 |
|a The environmental attribute of manufacturing strategy
|b an evolutionary institutional approach
|c G. Papachristos; University of Patras, Department of Mechanical Engineering & Aeronautics, Industrial Management and Information Systems Lab
|
| 300 |
|
|
|a [6], iv, 164 σ.
|b εικ.
|c 30 εκ.
|
| 504 |
|
|
|a Περιλαμβάνει βιβλιογραφία
|
| 650 |
|
4 |
|a Περιβαλλοντική οικονομική
|9 11104
|
| 650 |
|
4 |
|a Διοίκηση επιχειρήσεων
|x Περιβαλλοντικές απόψεις
|9 140158
|
| 700 |
1 |
|
|a Αδαμίδης, Εμμανουήλ Δ.
|4 oth
|9 22942
|
| 710 |
2 |
|
|9 2771
|a Πανεπιστήμιο Πατρών
|b Σχολή Επιστημών Υγείας
|b Τμήμα Ιατρικής
|e Πολυτεχνική Σχολή
|e Τμήμα Μηχανολόγων και Αεροναυπηγών Μηχανικών
|
| 852 |
|
|
|a GR-PaULI
|b ΠΑΤΡΑ
|b ΒΚΠ
|b ΑΝΕ
|k ΔΙΑΤΡΙΒΗ
|h 338.927 ΠΑΠ
|m 114286
|p 025000210112
|t 1
|
| 856 |
|
|
|u http://hdl.handle.net/10889/5958
|
| 942 |
|
|
|2 ddc
|c BKTD
|
| 952 |
|
|
|0 0
|1 0
|4 0
|6 338_927000000000000_ΠΑΠ
|7 0
|9 169339
|a LISP
|b LISP
|c RES
|d 2016-04-24
|i 114286
|l 0
|o 338.927 ΠΑΠ
|p 025000210112
|r 2016-04-24 00:00:00
|t 1
|w 2016-04-24
|y BKTD
|
| 998 |
|
|
|c ΓΚΟΓΚΟΥ
|d 2014-08
|
| 999 |
|
|
|c 105917
|d 105917
|